000 00295nam a22001337a 4500
008 170215b xxu||||| |||| 00| 0 eng d
020 _a9760801602599
041 _aeng
080 _22ND
_a61
100 _a4
101 _aSHM
245 _aMEDICAL TERMINOLOGY
_cBIRMINGHAM, J.J
942 _2udc
_cBK
999 _c5593
_d5593